Music Quiz

Random Music or Artist Quiz
Score 0/100 Timer 12:00
0 Plays Today
Artist Album % Correct
NirvanaNevermind
98.2%
RadioheadOK Computer
90.4%
NirvanaIn Utero
85.5%
BeckOdelay
80.1%
Pearl JamTen
80.1%
RadioheadThe Bends
77.1%
Green DayDookie
77.1%
WeezerWeezer
77.1%
R.E.M.Automatic for the People
76.5%
U2Achtung Baby
74.1%
Jeff BuckleyGrace
71.1%
MetallicaMetallica
69.9%
Alanis MorissetteJagged Little Pill
69.9%
Dr. DreThe Chronic
69.3%
The Smashing PumpkinsMellon Collie and the Infinite Sadness
67.5%
Smashing PumpkinsSiamese Dream
66.9%
Rage Against the MachineRage Against the Machine
66.3%
Red Hot Chili PeppersBlood Sugar Sex Magik
65.7%
OasisDefinitely Maybe
65.1%
Lauryn HillThe Miseducation of Lauryn Hill
63.3%
NirvanaMTV Unplugged in New-York
61.4%
My Bloody ValentineLoveless
60.8%
Oasis(What's the Story) Morning Glory
59.6%
PortisheadDummy
56.6%
Nine Inch NailsThe Downward Spiral
56%
NasIllmatic
56%
Neutral Milk HotelIn the Aeroplane Over the Sea
56%
PavementSlanted and Enchanted
54.8%
SoundgardenSuperunknown
54.2%
MobyPlay
54.2%
Wu-Tang ClanEnter the Wu-Tang (36 Chambers)
53%
BlurParklife
53%
EminemThe Slim Shady LP
53%
Public EnemyFear of a Black Planet
52.4%
Artist Album % Correct
PavementCrooked Rain, Crooked Rain
51.8%
The Notorious B.I.G.Ready to Die
51.2%
DJ ShadowEndtroducing...
50.6%
The VerveUrban Hymns
50%
R.E.M.Out of Time
50%
Alice in ChainsDirt
49.4%
BjörkDebut
48.8%
Massive AttackMezzanine
48.2%
The Flaming LipsThe Soft Bulletin
47.6%
Primal ScreamScreamadelica
46.4%
BjörkPost
46.4%
Sonic YouthGoo
46.4%
Massive AttackBlue Lines
45.2%
Beastie BoysIll Communication
44.6%
MadonnaRay of Light
44%
Liz PhairExile in Guyville
43.4%
HoleLive Through This
42.2%
Depeche ModeViolator
42.2%
Daft PunkHomework
41.6%
The La'sThe La's
40.4%
The Magnetic Fields69 Love Songs
39.8%
TLCCrazySexyCool
39.8%
PulpDifferent Class
39.2%
Belle and SebastianIf You're Feeling Sinister
38.6%
FugeesThe Score
38%
BjörkHomogenic
38%
Bob DylanTime Out of Mind
36.7%
A Tribe Called QuestThe Low End Theory
36.7%
AirMoon Safari
36.1%
Sigur RósAgætis Byrjun
36.1%
SlintSpiderland
36.1%
PJ HarveyRid of Me
35.5%
Jane's AddictionRitual De Lo Habitual
34.9%
Sinéad O'ConnorI Do Not Want What I Haven't Got
33.1%
Artist Album % Correct
Elliott SmithEither/Or
32.5%
BeckMellow Gold
31.9%
SpiritualizedLadies and Gentlemen We Are Floating in Space
31.3%
Beastie BoysCheck Your Head
30.1%
Johnny CashAmerican Recordings
29.5%
Aphex TwinSelected Ambient Works 85-92
29.5%
SuedeSuede
29.5%
The ProdigyThe Fat of the Land
28.3%
The Chemical BrothersDig Your Own Hole
26.5%
Buena Vista Social ClubBuena Vista Social Club
24.7%
TrickyMaxinquaye
23.5%
Talk TalkLaughing Stock
23.5%
PJ HarveyTo Bring You My Love
22.9%
Lucinda WilliamsCar Wheels on a Gravel Road
22.9%
PJ HarveyDry
22.3%
The BreedersLast Splash
21.1%
Bonnie 'Prince' BillyI See A Darkness
19.3%
Mercury RevDeserter's Songs
18.1%
The ProdigyMusic for the Jilted Generation
18.1%
Tori AmosLittle Earthquakes
18.1%
Manic Street PreachersEverything Must Go
17.5%
Teenage FanclubBandwagonesque
17.5%
Happy MondaysPills 'n' Thrills and Bellyaches
16.9%
Fatboy SlimYou've Come a Long Way, Baby
15.7%
TortoiseMillions Now Living Will Never Die
13.9%
Missy Misdemeanor ElliottSupa Dupa Fly
13.9%
Neil Young and Crazy HorseRagged Glory
13.9%
LeftfieldLeftism
11.4%
Nick Cave & The Bad SeedsThe Boatman's Call
10.8%
UnderworldDubnobasswithmyheadman
6%
Pet Shop BoysBehaviour
4.8%
The OrbThe Orb's Adventures Beyond the Ultraworld
3.6%
Remove Ads.
Support Sporcle.
Get the best of Sporcle when you Go Orange. This ad-free experience offers more features, more stats, and more fun while also helping to support Sporcle. Thank you for becoming a member.

You're not logged in!

Compare scores with friends on all Sporcle quizzes.
OR
Log In

Show Comments

Extras

Top Quizzes Today


Score Distribution

Your Account Isn't Verified!

In order to create a playlist on Sporcle, you need to verify the email address you used during registration. Go to your Sporcle Settings to finish the process.

Report this User

Report this user for behavior that violates our Community Guidelines.

Details: